Statistics for 15 Deadliest Animals List

Click here to take the quiz!

General Stats

  • This quiz has been taken 2,044 times
  • The average score is 7 of 15

Answer Stats

Number of deathsAnimal% Correct
100Lion
88%
10Shark
86%
50,000Snake
79%
725,000Mosquito
78%
500Hippopotamus
69%
25,000Dog (rabies)
63%
100Elephant
60%
1,000Crocodile
54%
475,000Human
34%
10Wolf
32%
10,000Tsetse fly
24%
2,000Tapeworm
9%
10,000Assassin bug
8%
2,000Ascaris roundworm
7%
10,000Freshwater snail
5%

Score Distribution

Percentile by Number Answered

Percent of People with Each Score

Your Score History

You have not taken this quiz